Rules of Procedure and Conduct of Business in Lok Sabha (Record no. 2098)
[ view plain ]
| 000 -LEADER | |
|---|---|
| fixed length control field | 00343nam a22001217a 4500 |
| 008 - FIXED-LENGTH DATA ELEMENTS--GENERAL INFORMATION | |
| fixed length control field | 230621b xxu||||| |||| 00| 0 eng d |
| 082 ## - DEWEY DECIMAL CLASSIFICATION NUMBER | |
| Classification number | 328.1 |
| Item number | LSS |
| 100 ## - MAIN ENTRY--PERSONAL NAME | |
| Titles and words associated with a name | Lok Sabha Secretariat |
| 245 ## - TITLE STATEMENT | |
| Title | Rules of Procedure and Conduct of Business in Lok Sabha |
| 260 ## - PUBLICATION, DISTRIBUTION, ETC. (IMPRINT) | |
| Place of publication, distribution, etc. | New Delhi |
| Name of publisher, distributor, etc. | Lok Sabha Secretariat |
| Date of publication, distribution, etc. | 1989 |
| 300 ## - PHYSICAL DESCRIPTION | |
| Extent | 229p |
| 942 ## - ADDED ENTRY ELEMENTS (KOHA) | |
| Source of classification or shelving scheme | Dewey Decimal Classification |
| Koha item type | Books |
| Withdrawn status | Lost status | Source of classification or shelving scheme | Damaged status | Not for loan | Home library | Current library | Date acquired | Total Checkouts | Full call number | Barcode | Checked out | Date last seen | Price effective from | Koha item type |
|---|---|---|---|---|---|---|---|---|---|---|---|---|---|---|
| Dewey Decimal Classification | County Hall Archives | County Hall Archives | 06/21/2023 | 328.1 LSS | 10013366 | 04/05/2019 | 06/21/2023 | 06/21/2023 | Books | |||||
| Dewey Decimal Classification | County Hall Archives | County Hall Archives | 06/21/2023 | 328.1 LSS | 10013368 | 06/21/2023 | 06/21/2023 | Books |
